000 01313nam a2200349Ia 4500
001 ebr10057293
003 CaPaEBR
006 m u
007 cr cn|||||||||
008 970224s1997 enk sb 001 0 eng d
010 _z 97007414
020 _z0203448278
020 _z0415169666 (hbk)
020 _z0415169674 (pbk)
040 _aCaPaEBR
_cCaPaEBR
035 _a(OCoLC)52189960
050 1 4 _aGN33
_b.R36 1997eb
082 0 4 _a305.8/001
_221
100 1 _aRapport, Nigel,
_d1956-
245 1 0 _aTranscendent individual
_h[electronic resource] :
_btowards a literary and liberal anthropology /
_cNigel Rapport.
260 _aLondon ;
_aNew York :
_bRoutledge,
_c1997.
300 _aviii, 220 p.
504 _aIncludes bibliographical references (p. [202]-214) and index.
533 _aElectronic reproduction.
_bPalo Alto, Calif. :
_cebrary,
_d2009.
_nAvailable via World Wide Web.
_nAccess may be limited to ebrary affiliated libraries.
650 0 _aEthnology
_xPhilosophy.
650 0 _aEthnology
_xAuthorship.
650 0 _aIndividuality.
650 0 _aEthnology in literature.
655 7 _aElectronic books.
_2local
710 2 _aebrary, Inc.
856 4 0 _uhttp://site.ebrary.com/lib/rucke/Doc?id=10057293
_zAn electronic book accessible through the World Wide Web; click to view
999 _c71569
_d71569